000 00662nam a22002177a 4500
999 _c6039
_d6039
003 AR-CdUCM
008 190313b ||||| |||| 00| 0 spa d
040 _aMUNICIPALIDAD PROVINCIAL DEL CUSCO
_cBIBLIOTECA MUNICIPAL DEL CUSCO
082 _a869.56 /
_bF75
100 _aForgues, Roland
_917627
245 _aPalabra viva /
260 _aLima :
_bstudium ediciones,
_c1988.
300 _a4 tomos ;
_bilustraciones ;
_c24 cm.
505 _aContenido: t.2: Hablan los poetas -- t.3. Hablan los dramaturgos.
650 _aLiteratos
_9754
650 _aPerĂº
_935
650 _aEntrevistas
_913760
650 _aSiglo XX
_98
942 _2ddc
_cLIBROS
945 _azta